Jane Eyre
Saved in:
| Main Author: | |
|---|---|
| Format: | Book |
| Language: | English |
| Published: |
Nueva York
Rinehart & Co
1950
|
| Series: | Rinehart Editions, 24
|
| Subjects: | |
| Tags: |
Add Tag
No Tags, Be the first to tag this record!
|
MARC
| LEADER | 00000nam a2200000 a 4500 | ||
|---|---|---|---|
| 001 | UCR9976 | ||
| 003 | CL-VaPUC | ||
| 008 | 980619e19500000US |||||||||||||||||eng|d | ||
| 082 | 0 | 4 | |a 823 |b BRO |2 21 |
| 100 | |a Bronte, Charlotte |e author |9 321721 | ||
| 245 | 1 | 0 | |a Jane Eyre |
| 300 | |a 525 p | ||
| 942 | |c BK | ||
| 945 | |d 19980619 00:00:00 |a crobeson | ||
| 260 | |a Nueva York |b Rinehart & Co |c 1950 | ||
| 650 | 0 | |a Novelas inglesas |9 265220 | |
| 650 | 0 | |a Literatura inglesa |9 312907 | |
| 583 | |a last modification |c 19980619 00:00:00 |k Rodrigo Vera | ||
| 490 | 0 | |a Rinehart Editions, 24 | |
| 999 | |c 271147 |d 271145 | ||
| 952 | |0 0 |1 0 |4 0 |6 823_000000000000000_BRO_1950 |7 0 |8 A |9 305689 |a BIBEDU |b BIBEDU |d 2019-11-20 |i 1421883 |l 5 |m 2 |o 823 BRO 1950 |p 1421883 |r 2024-12-03 |s 2024-11-19 |w 2019-11-20 |y BK |k LIT | ||